Eating and its disorders /
"Eating and its Disorders features contributions by international experts in the field of eating disorders which represent an overview of the most current knowledge relating to the assessment, treatment, and future research directions of the study of eating-related disorders. Presents the newes...
| Other Authors: | , |
|---|---|
| Format: | eBook |
| Language: | English |
| Published: |
Chichester, West Sussex, UK ; Malden, MA :
Wiley-Blackwell,
2012.
|
| Series: | Wiley Online Library.
Wiley series in clinical psychology. |
| Subjects: | |
| Online Access: | Connect to the full text of this electronic book |
MARC
| Tag | First Indicator | Second Indicator | Subfields |
|---|---|---|---|
| LEADER | 00000cam a2200000 a 4500 | ||
| 001 | in00002783932 | ||
| 005 | 20210728125003.0 | ||
| 006 | m o d | ||
| 007 | cr cnu---unuuu | ||
| 008 | 120510s2012 enka ob 001 0 eng | ||
| 010 | |a 2012019413 | ||
| 019 | |a 815823581 | ||
| 020 | |a 0470683546 (Cloth) | ||
| 020 | |a 1118314751 (electronic bk.) | ||
| 020 | |a 1118328914 | ||
| 020 | |a 1283592207 (MyiLibrary) | ||
| 020 | |a 9780470683545 (Cloth) | ||
| 020 | |a 9781118314753 (electronic bk.) | ||
| 020 | |a 9781118328910 | ||
| 020 | |a 9781283592208 (MyiLibrary) | ||
| 020 | |z 1118314980 | ||
| 020 | |z 1118328922 | ||
| 020 | |z 9781118137604 | ||
| 020 | |z 9781118314982 | ||
| 020 | |z 9781118328927 | ||
| 035 | |a (OCoLC)793497235 |z (OCoLC)815823581 | ||
| 035 | |a (OCoLC)ocn793497235 | ||
| 035 | |a 4038244 | ||
| 037 | |a 390465 |b MIL | ||
| 040 | |a DLC |b eng |c DLC |d YDX |d N$T |d E7B |d OCLCQ |d CUS |d CDX |d OCLCO |d YDXCP |d OCLCQ |d TXA |d UtOrBLW | ||
| 042 | |a pcc | ||
| 049 | |a TXAM | ||
| 050 | 4 | |a RC552.E18 |b E258 2012eb | |
| 060 | 1 | 0 | |a WM 175 |
| 072 | 7 | |a PSY |x 011000 |2 bisacsh | |
| 072 | 7 | |a SEL |x 014000 |2 bisacsh | |
| 082 | 0 | 0 | |a 616.85/26 |2 23 |
| 245 | 0 | 0 | |a Eating and its disorders / |c edited by John R.E. Fox and Ken P. Goss. |
| 264 | 1 | |a Chichester, West Sussex, UK ; |a Malden, MA : |b Wiley-Blackwell, |c 2012. | |
| 300 | |a 1 online resource (xviii, 504 pages) : |b illustrations | ||
| 336 | |a text |b txt |2 rdacontent | ||
| 337 | |a computer |b c |2 rdamedia | ||
| 338 | |a online resource |b cr |2 rdacarrier | ||
| 490 | 1 | |a Wiley series in clinical psychology | |
| 500 | |a Electronic resource. | ||
| 504 | |a Includes bibliographical references and index. | ||
| 520 | |a "Eating and its Disorders features contributions by international experts in the field of eating disorders which represent an overview of the most current knowledge relating to the assessment, treatment, and future research directions of the study of eating-related disorders. Presents the newest models and theories for use in the treatment of patients with eating disorders. Written specifically to fulfill the needs of clinical psychologists and therapists. Includes coverage of important service related issues for working with people with eating disorders. Features chapters from a global group of authors which highlight differing methods and perspectives that can be incorporated into clinical practice"--Provided by publisher. | ||
| 588 | |a Description based on online resource; title from digital title page (viewed on Sept. 24, 2012). | ||
| 650 | 0 | |a Eating disorders |x Psychological aspects. | |
| 650 | 0 | |a Eating disorders |x Treatment. |0 http://id.loc.gov/authorities/subjects/sh2008118566 | |
| 650 | 0 | |a Needs assessment. |0 http://id.loc.gov/authorities/subjects/sh87004128 | |
| 650 | 2 | |a Feeding and Eating Disorders |x psychology. |0 https://id.nlm.nih.gov/mesh/D001068Q000523 | |
| 650 | 2 | |a Feeding and Eating Disorders |x therapy. |0 https://id.nlm.nih.gov/mesh/D001068Q000628 | |
| 650 | 2 | |a Needs Assessment. |0 https://id.nlm.nih.gov/mesh/D020380 | |
| 650 | 2 | |a Psychotherapy |x methods. |0 https://id.nlm.nih.gov/mesh/D011613Q000379 | |
| 650 | 7 | |a PSYCHOLOGY / Psychopathology / Eating Disorders. |2 bisacsh | |
| 650 | 7 | |a SELF-HELP / Eating Disorders. |2 bisacsh | |
| 655 | 7 | |a Electronic books. |2 local | |
| 700 | 1 | |a Fox, John R. E. |0 http://id.loc.gov/authorities/names/n2012184423 | |
| 700 | 1 | |a Goss, Ken. |0 http://id.loc.gov/authorities/names/n2011018541 | |
| 776 | 0 | 8 | |i Print version: |t Eating and its disorders |d Chichester, West Sussex : Wiley-Blackwell, 2012 |z 9780470683538 |w (DLC) 2012017998 |
| 830 | 0 | |a Wiley Online Library. | |
| 830 | 0 | |a Wiley series in clinical psychology. |0 http://id.loc.gov/authorities/names/n84736141 | |
| 856 | 4 | 0 | |u http://proxy.library.tamu.edu/login?url=https://dx.doi.org/10.1002/9781118328910 |z Connect to the full text of this electronic book |t 0 |
| 948 | |a cataloged |b h |c 2012/12/13 |d c |e jlanham |f 1:22:06 pm | ||
| 994 | |a C0 |b TXA | ||
| 999 | |a MARS | ||
| 999 | f | f | |s 97c4acf5-7d0e-369b-839b-7c505bf8ad9d |i 0eeb6020-0f22-3c26-9418-5bb9326bf688 |t 0 |
| 952 | f | f | |a Texas A&M University |b College Station |c Electronic Resources |d Available Online |t 0 |e RC552.E18 E258 2012eb |h Library of Congress classification |
| 998 | f | f | |a RC552.E18 E258 2012eb |t 0 |l Available Online |